Statistics for Ultimate Harry Potter Quiz!

Click here to take the quiz!

General Stats

  • This quiz has been taken 51 times
  • The average score is 11 of 14

Answer Stats

QuestionAnswer% Correct
Name another series that shares the same universe as Harry PotterFantastic Beasts
100%
Who below is not a founder of HogwartsHarry Potter
100%
Who is Harry's first ever love interestCho Chang
98%
Name the house known for bravery in Hogwarts.Gryffindor
98%
Who killed the 7th and final hocrux in Harry Potter.Neville Longbottom
98%
Who is the person in the Harry Potter series, who is known by most people as "he who must not be named".Voldemort
98%
What is the place where the Malfoys live calledThe Malfoy Manor
95%
Who murdered Snape?Nagini
84%
Who is Harry's first son.James Potter
80%
What is the name of the creature from which Voldemort's tail core origins from?Fawkes
77%
What is the rarest wand core type?Phoenix Tail Feather
59%
When did the fifth Harry Potter book come out?2003
48%
Which year will Albus Potter graduate from Hogwarts2024
48%
Which year was Harry Potter appointed as Head Auror.2002
34%

Score Distribution

Percentile by Number Answered

Percent of People with Each Score

Your Score History

You have not taken this quiz